De la comunicación al curriculo
Guardat en:
| Autor principal: | |
|---|---|
| Format: | Llibre |
| Idioma: | espanyol |
| Publicat: |
Madrid
Visor
1994
|
| Col·lecció: | Colección Aprendizaje, 99
|
| Matèries: | |
| Etiquetes: |
Afegir etiqueta
Sense etiquetes, Sigues el primer a etiquetar aquest registre!
|
MARC
| LEADER | 00000nam a2200000 a 4500 | ||
|---|---|---|---|
| 001 | UCY4765 | ||
| 003 | CL-VaPUC | ||
| 008 | 950328e19940000SP |||||||||||||||||spa|d | ||
| 082 | 0 | 4 | |a 371.1022 |b BAR |2 21 |
| 100 | 0 | |a Barnes, Douglas |e author |9 333248 | |
| 245 | 1 | 0 | |a De la comunicación al curriculo |
| 300 | |a 205 p | ||
| 942 | |c BK | ||
| 945 | |d 19950328 00:00:00 |a rbrito | ||
| 260 | |a Madrid |b Visor |c 1994 | ||
| 650 | 0 | |a Aptitud de aprendizaje |9 328413 | |
| 650 | 0 | |a Comunicación en educación |9 308055 | |
| 650 | 0 | |a Análisis del proceso de interacción |x Educación |9 333249 | |
| 583 | |a last modification |c 19950328 00:00:00 |k Rodrigo Vera | ||
| 490 | 0 | |a Colección Aprendizaje, 99 | |
| 999 | |c 232533 |d 232531 | ||
| 952 | |0 0 |1 0 |4 0 |6 371_102200000000000_BAR_1994 |7 0 |8 A |9 237202 |a FDOPOS |b FDOPOS |d 2019-11-15 |i 3069451 |o 371.1022 BAR 1994 |p 3069451 |r 2025-01-22 |w 2019-11-15 |y BK |k MLA | ||
| 952 | |0 0 |1 0 |4 0 |6 371_102200000000000_BAR_1994 |7 0 |8 A |9 237203 |a BIBEDU |b BIBEDU |d 2019-11-15 |i 3139964 |o 371.1022 BAR 1994 |p 3139964 |r 2019-11-15 |w 2019-11-15 |y BK |k EDU | ||